<?xml version="1.0" encoding="UTF-8"?>
<record
    xmlns:xsi="http://www.w3.org/2001/XMLSchema-instance"
    xsi:schemaLocation="http://www.loc.gov/MARC21/slim http://www.loc.gov/standards/marcxml/schema/MARC21slim.xsd"
    xmlns="http://www.loc.gov/MARC21/slim">

  <leader>01257nam a22002417a 4500</leader>
  <controlfield tag="003">OSt</controlfield>
  <controlfield tag="005">20260504171239.0</controlfield>
  <controlfield tag="008">260504b           ||||| |||| 00| 0 spa d</controlfield>
  <datafield tag="020" ind1=" " ind2=" ">
    <subfield code="a">9786287778214</subfield>
  </datafield>
  <datafield tag="040" ind1=" " ind2=" ">
    <subfield code="c">CO-Mq BPB</subfield>
  </datafield>
  <datafield tag="041" ind1=" " ind2=" ">
    <subfield code="a">spa</subfield>
  </datafield>
  <datafield tag="082" ind1=" " ind2=" ">
    <subfield code="a">N</subfield>
    <subfield code="b">MUNi</subfield>
  </datafield>
  <datafield tag="100" ind1=" " ind2=" ">
    <subfield code="a">Muncaster, Harriet</subfield>
    <subfield code="e">autor</subfield>
  </datafield>
  <datafield tag="245" ind1=" " ind2=" ">
    <subfield code="a">Isadora Moon y el hada de los dientes</subfield>
  </datafield>
  <datafield tag="264" ind1=" " ind2=" ">
    <subfield code="a">Barcelona, Espa&#xF1;a;</subfield>
    <subfield code="b">Penguin Random House;</subfield>
    <subfield code="c">2021</subfield>
  </datafield>
  <datafield tag="300" ind1=" " ind2=" ">
    <subfield code="a">128 p&#xE1;ginas;</subfield>
    <subfield code="b">Tapa rustica, ilustraciones a color,</subfield>
    <subfield code="c">20 cm</subfield>
  </datafield>
  <datafield tag="521" ind1=" " ind2=" ">
    <subfield code="a">Isadora es una ni&#xF1;a muy especial: mitad hada y mitad vampiro. Su vida cambia cuando uno de sus dientes empieza a moverse.

Su mam&#xE1; quiere que siga la tradici&#xF3;n de las hadas y deje el diente para el hada de los dientes, mientras que su pap&#xE1; prefiere la tradici&#xF3;n de los vampiros: conservarlo como recuerdo.

Confundida, Isadora no sabe qu&#xE9; hacer hasta que conoce a Mignonette, una ratoncita m&#xE1;gica que la ayuda a encontrar su propia manera de vivir este momento. Finalmente, Isadora crea una tradici&#xF3;n &#xFA;nica, que combina lo mejor de sus dos mundos.</subfield>
  </datafield>
  <datafield tag="650" ind1=" " ind2=" ">
    <subfield code="a">Crecimiento</subfield>
  </datafield>
  <datafield tag="650" ind1=" " ind2=" ">
    <subfield code="a">Identidad y aceptaci&#xF3;n</subfield>
  </datafield>
  <datafield tag="650" ind1=" " ind2=" ">
    <subfield code="a">Autoestima y ser diferente</subfield>
  </datafield>
  <datafield tag="700" ind1=" " ind2=" ">
    <subfield code="a">P&#xE9;rez Sauquillo, Vanesa</subfield>
    <subfield code="e">traductora</subfield>
  </datafield>
  <datafield tag="942" ind1=" " ind2=" ">
    <subfield code="2">ddc</subfield>
    <subfield code="c">BKLIT</subfield>
  </datafield>
  <datafield tag="999" ind1=" " ind2=" ">
    <subfield code="c">16292</subfield>
    <subfield code="d">16292</subfield>
  </datafield>
  <datafield tag="952" ind1=" " ind2=" ">
    <subfield code="0">0</subfield>
    <subfield code="1">0</subfield>
    <subfield code="2">ddc</subfield>
    <subfield code="4">0</subfield>
    <subfield code="5">1</subfield>
    <subfield code="7">0</subfield>
    <subfield code="8">LI</subfield>
    <subfield code="a">BPMOS</subfield>
    <subfield code="b">BPMOS</subfield>
    <subfield code="c">FIC</subfield>
    <subfield code="d">2026-05-04</subfield>
    <subfield code="e">Compra 2025</subfield>
    <subfield code="i">NT</subfield>
    <subfield code="l">0</subfield>
    <subfield code="o">N MUNi</subfield>
    <subfield code="p">MOS504935</subfield>
    <subfield code="r">2026-05-04</subfield>
    <subfield code="t">Ej. 1</subfield>
    <subfield code="w">2026-05-04</subfield>
    <subfield code="y">BKLIT</subfield>
    <subfield code="z">Quince dias</subfield>
  </datafield>
  <datafield tag="952" ind1=" " ind2=" ">
    <subfield code="0">0</subfield>
    <subfield code="1">0</subfield>
    <subfield code="2">ddc</subfield>
    <subfield code="4">0</subfield>
    <subfield code="5">1</subfield>
    <subfield code="7">0</subfield>
    <subfield code="8">LI</subfield>
    <subfield code="a">BPMOS</subfield>
    <subfield code="b">BPMOS</subfield>
    <subfield code="c">FIC</subfield>
    <subfield code="d">2026-05-04</subfield>
    <subfield code="e">Compra 2025</subfield>
    <subfield code="i">NT</subfield>
    <subfield code="l">0</subfield>
    <subfield code="o">N MUNi</subfield>
    <subfield code="p">MOS504936</subfield>
    <subfield code="r">2026-05-04</subfield>
    <subfield code="t">Ej. 2</subfield>
    <subfield code="w">2026-05-04</subfield>
    <subfield code="y">BKLIT</subfield>
    <subfield code="z">Quince dias</subfield>
  </datafield>
</record>
